<?xml version="1.0" encoding="UTF-8"?>
<marc:record xmlns:marc="http://www.loc.gov/MARC21/slim">
   <marc:leader>00000nam a2200000 a 4500</marc:leader>
   <marc:datafield ind1="1" ind2=" " tag="100">
      <marc:subfield code="a">Mayer, Gina</marc:subfield>
      <marc:subfield code="4">aut</marc:subfield>
      <marc:subfield code="e">Verfasser/-in</marc:subfield>
   </marc:datafield>
   <marc:datafield ind1=" " ind2=" " tag="653">
      <marc:subfield code="a">Antolin</marc:subfield>
   </marc:datafield>
   <marc:datafield ind1=" " ind2=" " tag="653">
      <marc:subfield code="a">Klasse-3</marc:subfield>
   </marc:datafield>
   <marc:datafield ind1="0" ind2="0" tag="245">
      <marc:subfield code="a">Hilfe per Eulenpost</marc:subfield>
   </marc:datafield>
   <marc:datafield ind1=" " ind2="1" tag="264">
      <marc:subfield code="b">Ravensburger</marc:subfield>
      <marc:subfield code="c">2020</marc:subfield>
   </marc:datafield>
   <marc:datafield ind1="1" ind2=" " tag="490">
      <marc:subfield code="a">Der magische Blumenladen</marc:subfield>
   </marc:datafield>
   <marc:datafield ind1="1" ind2=" " tag="520">
      <marc:subfield code="a">Zauberhaftes Kinderbuch ab 8 Jahren
Lerne mit Violet die geheime Blumenmagie
Bestseller-Reihe des Erfolgsduos Gina Mayer und Joël Tourlonias

Hinter jeder Blume steckt ein Zauber .
Faulenzen, Eis essen und mit ihren Freunden im Meer baden - so sieht Violets perfekter Urlaub aus. Doch in ihrer Lieblingsbucht erwartet sie eine böse Überraschung: Alles ist voller Plastikmüll! Violet will die Übeltäter fassen, aber dafür bräuchte sie ihr magisches Blumenbuch. Oder die Post einer ganz besonderen Eule .</marc:subfield>
   </marc:datafield>
   <marc:datafield ind1=" " ind2=" " tag="020">
      <marc:subfield code="a">9783473404216</marc:subfield>
      <marc:subfield code="9">9783473404216</marc:subfield>
   </marc:datafield>
</marc:record>
